Kis- és középvállalkozások szabályozása az Európai Unióban és Magyarországon
Elmentve itt :
| Szerző: | |
|---|---|
| További közreműködők: | |
| Dokumentumtípus: | Szakdolgozat |
| Megjelent: |
2006
|
| Tárgyszavak: | |
| Online Access: | http://diploma.bibl.u-szeged.hu/32995 |
| LEADER | 00578nta a2200157 i 4500 | ||
|---|---|---|---|
| 001 | dipl32995 | ||
| 005 | 20130314093117.0 | ||
| 008 | 110808s2006 hu om 0|| zxx d | ||
| 040 | |a SZTE Diploma Repozitórium |b hun | ||
| 041 | |a zxx | ||
| 100 | 1 | |a Oravecz Ágota | |
| 245 | 1 | 0 | |a Kis- és középvállalkozások szabályozása az Európai Unióban és Magyarországon |h [elektronikus dokumentum] / |c Dr. Ágota Oravecz |
| 260 | |c 2006 | ||
| 650 | 4 | |a Gazdaságtudományok | |
| 700 | 1 | |a Pelle Anita |e ths | |
| 856 | 4 | 0 | |u http://diploma.bibl.u-szeged.hu/id/eprint/32995/1/szakdolgozat.pdf |z Dokumentum-elérés |